[Event "Mechanics' Winter TNM; G/2"]
[Site "San Francisco"]
[Date "2017.02.21"]
[Round "8.29"]
[White "Moor, William"]
[Black "McEnroe, Glenn"]
[Result "1-0"]
[WhiteElo "1407"]
[BlackElo "1528"]
[PlyCount "63"]
[EventDate "2017.??.??"]

1. d4 Nf6 2. c4 g6 3. Nc3 Bg7 4. Nf3 d6 5. Bg5 O-O 6. g3 h6 7. Bd2 c5 8. d5 Bd7
9. Qc1 Kh7 10. e4 Ng4 11. h3 Ne5 12. Nxe5 Bxe5 13. Bxh6 Bxc3+ 14. bxc3 Rh8 15.
h4 e5 16. h5 Qf6 17. Bg5 Qf3 18. hxg6+ Kxg6 19. Rxh8 Qxe4+ 20. Qe3 Qxe3+ 21.
Bxe3 Kg7 22. Rd8 f6 23. Rb1 b6 24. f4 Kf7 25. Bd3 Ke7 26. Rh8 Be8 27. fxe5 fxe5
28. Bg5+ Kf7 29. Kd2 a6 30. Rf1+ Kg7 31. Rh7+ Kg8 32. Rfh1 1-0

[Event "Mechanics' Winter TNM; G/2"]
[Site "San Francisco"]
[Date "2017.02.07"]
[Round "6.35"]
[White "Moor, William"]
[Black "Morgan, Jerry"]
[Result "1-0"]
[WhiteElo "1407"]
[BlackElo "1561"]
[PlyCount "77"]
[EventDate "2017.??.??"]

1. d4 f5 2. Nc3 Nf6 3. Nf3 g6 4. Bf4 d6 5. e3 Bg7 6. Bd3 O-O 7. h3 Nh5 8. Bc4+
e6 9. Bh2 f4 10. Qd2 d5 11. Bb3 Qf6 12. O-O-O c6 13. e4 Qd8 14. Rhe1 a5 15. a4
Bd7 16. e5 b5 17. axb5 cxb5 18. Nxd5 a4 19. Ba2 a3 20. b4 Nc6 21. Nxf4 Bh6 22.
g3 Qe7 23. c3 Nxf4 24. gxf4 Kg7 25. d5 Nd8 26. Qd4 Rc8 27. Kc2 Qf7 28. Ng5 Bxg5
29. fxg5 Qf5+ 30. Qd3 Qxf2+ 31. Re2 Qb6 32. Bg1 Qc7 33. Bc5 Rf5 34. h4 Qb7 35.
Be7 Nf7 36. Bf6+ Kf8 37. dxe6 Bc6 38. e7+ Ke8 39. Qd8+ 1-0

[Event "Mechanics' Winter TNM; G/2"]
[Site "San Francisco"]
[Date "2017.02.14"]
[Round "7.35"]
[White "Morgan, Jerry"]
[Black "Adams, Sophie"]
[Result "1-0"]
[WhiteElo "1561"]
[BlackElo "1319"]
[PlyCount "73"]
[EventDate "2017.??.??"]

1. f4 d5 2. Nf3 Nf6 3. e3 e6 4. b3 Be7 5. Bb2 c5 6. Ne5 O-O 7. Bd3 Nc6 8. Nxc6
bxc6 9. g4 d4 10. g5 Ne8 11. Qh5 g6 12. Qh6 Ng7 13. Na3 Nf5 14. Qh3 dxe3 15.
O-O-O exd2+ 16. Rxd2 Qc7 17. Bxf5 exf5 18. Qh6 f6 19. gxf6 Bxf6 20. Nc4 Bxb2+
21. Kxb2 Be6 22. Ne5 Bd5 23. Rg1 Qg7 24. Qg5 a5 25. h4 Rf6 26. c4 Bf7 27. h5
Re6 28. h6 Qf6 29. Qg3 Rd8 30. Rgd1 Rxd2+ 31. Rxd2 Rd6 32. Qc3 Rxd2+ 33. Qxd2
g5 34. Qxa5 Kf8 35. Qxc5+ Ke8 36. fxg5 Qe7 37. Qxc6+ 1-0

[Event "Mechanics' Winter TNM; G/2"]
[Site "San Francisco"]
[Date "2017.01.31"]
[Round "5.25"]
[White "Morgan, Jerry"]
[Black "Kanis, Sierk"]
[Result "0-1"]
[WhiteElo "1561"]
[BlackElo "1948"]
[PlyCount "58"]
[EventDate "2017.??.??"]

1. f4 Nf6 2. Nf3 g6 3. e3 Bg7 4. Be2 c5 5. d3 Nc6 6. e4 d5 7. e5 Nd7 8. c3 O-O
9. d4 Qb6 10. Na3 Rd8 11. Nc2 cxd4 12. Ncxd4 Nc5 13. Nxc6 bxc6 14. Nd4 Ba6 15.
Qc2 Bxe2 16. Qxe2 Ne4 17. Be3 c5 18. Nf3 Rab8 19. Rb1 Qa5 20. O-O Qxa2 21. Qc2
e6 22. Nd2 Nxd2 23. Qxd2 Bf8 24. Ra1 Qxb2 25. Qxb2 Rxb2 26. Rxa7 Re2 27. Bf2
Rb8 28. Raa1 Rbb2 29. Rab1 Rxf2 0-1

[Event "Mechanics' Winter TNM; G/2"]
[Site "San Francisco"]
[Date "2017.01.10"]
[Round "2.36"]
[White "Morgan, Jerry"]
[Black "McEnroe, Glenn"]
[Result "1-0"]
[WhiteElo "1561"]
[BlackElo "1528"]
[Annotator "Donaldson"]
[PlyCount "65"]
[EventDate "2017.??.??"]

1. f4 d5 2. Nf3 e6 3. e3 c5 4. b3 Nf6 5. Bb2 Be7 6. Ne5 Nc6 7. Bb5 Qc7 8. O-O
O-O 9. Bxc6 bxc6 10. d3 Qb6 11. Nd2 a5 12. Qe2 Ba6 13. Kh1 Rad8 14. Rf3 d4 15.
Ndc4 Bxc4 16. Nxc4 Qa7 17. a4 Nd5 18. Rg3 Bf6 19. e4 Nxf4 20. Qg4 e5 21. Rf1 h5
22. Qf3 Bh4 {Diagram [#]} 23. Rxg7+ $1 (23. Nxe5 {was also strong.}) 23... Kxg7
24. g3 Bg5 25. gxf4 Bxf4 26. Rg1+ (26. Nxe5 Bxe5 27. Rg1+ {
was faster but the text also wins.}) 26... Kh6 27. Bc1 ({Or} 27. Nxe5) 27...
Qc7 28. Bxf4+ $2 (28. Nxe5 $1) 28... exf4 29. e5 Qd7 $2 (29... Rg8 30. Qxf4+
Kh7 31. Qf5+ Kh6 32. Rxg8 Rxg8 33. Nd6 Qe7 34. Nxf7+ Kg7 35. Nd6 $11) 30. Qxf4+
Kh7 31. Qg5 Qd5+ 32. Rg2 Qxg2+ 33. Qxg2 1-0

[Event "Mechanics' Spring TNM; G/2"]
[Site "San Francisco"]
[Date "2017.03.21"]
[Round "2.30"]
[White "Morgan, Jerry"]
[Black "Sherwood, Peter"]
[Result "0-1"]
[WhiteElo "1561"]
[BlackElo "1703"]
[Annotator "Sherwood"]
[PlyCount "110"]
[EventDate "2017.??.??"]

1. f4 d5 2. Nf3 Nf6 3. e3 Nc6 4. Bb5 Bd7 5. b3 a6 6. Bxc6 Bxc6 7. Bb2 e6 8. O-O
Be7 9. Ne5 O-O 10. d3 Nd7 11. Nd2 Nxe5 12. Bxe5 f6 13. Bb2 Bc5 14. d4 Bd6 15.
Qg4 Qe7 16. a3 Rae8 17. Nf3 Bd7 18. Qh5 Qf7 19. Qh4 Qg6 20. Qf2 e5 $6 21. dxe5
fxe5 22. Qd2 e4 23. Ne5 (23. Qxd5+ $2 Be6) 23... Bxe5 24. Qxd5+ Be6 25. Qxe5
Bc4 26. Qxc7 Bxf1 27. Rxf1 Qf7 28. Qa5 Rc8 29. c4 Rfd8 30. Bd4 Rf8 31. Qg5 Rc6
32. f5 Kh8 33. Rf4 Re8 34. h4 (34. f6) 34... Rd6 35. Kf2 h6 36. Qg4 Qd7 37.
Rxe4 Rf8 38. Rf4 Rdf6 39. Ke2 $6 (39. Bxf6) 39... Rxf5 40. Rxf5 Rxf5 41. Bxg7+
$2 Kh7 $1 42. Qd4 Qxg7 43. Qxg7+ Kxg7 44. g4 Ra5 45. a4 Re5 46. Kd3 Kf6 47. Kd4
Ke6 48. e4 a5 49. c5 Kf6 50. h5 Rg5 51. Kc4 Ke5 $6 (51... Rxg4) 52. b4 axb4 53.
Kxb4 Rxg4 54. Kb5 Rxe4 55. a5 Kd5 (55... Kd5 56. Kb6 Rb4+ 57. Ka7 Kxc5) 0-1

[Event "Mechanics' Spring TNM; G/2"]
[Site "San Francisco"]
[Date "2017.04.11"]
[Round "5.22"]
[White "Morgan, Jerry D"]
[Black "Anderson, Michael"]
[Result "0-1"]
[WhiteElo "1561"]
[BlackElo "1902"]
[PlyCount "84"]
[EventDate "2017.??.??"]

1. f4 b6 2. e4 Bb7 3. d3 g6 4. c3 Bg7 5. Qc2 c5 6. Na3 Nc6 7. Be2 Rc8 8. Bf3 e6
9. e5 Nge7 10. Nc4 O-O 11. Nd6 Rb8 12. g4 Ba8 13. h4 f6 14. exf6 Bxf6 15. Qh2
Qc7 16. Nb5 Qd8 17. Nd6 Nc8 18. Nxc8 Rxc8 19. g5 Bg7 20. h5 Ne7 21. Be4 d5 22.
Bf3 Qd6 23. Bg4 d4 24. Nf3 dxc3 25. hxg6 hxg6 26. Qh7+ Kf7 27. Ne5+ Ke8 28.
Qxg7 Bxh1 29. Qh6 Qd4 30. Qxh1 cxb2 31. Rb1 bxc1=Q+ 32. Rxc1 Qxf4 33. Rc4 Qxe5+
34. Qe4 Qa1+ 35. Bd1 Qxa2 36. Rc2 Qd5 37. Rc4 Rd8 38. Be2 Rf5 39. Ra4 a5 40.
Qh4 Rxg5 41. d4 Rg1+ 42. Kf2 Qg2+ 0-1

[Event "Mechanics' Peter Grey TNM; G/2 d5"]
[Site "San Francisco"]
[Date "2017.08.22"]
[Round "3.28"]
[White "Morgan, Jerry D"]
[Black "Babayan, Gagik"]
[Result "1/2-1/2"]
[WhiteElo "1501"]
[BlackElo "1813"]
[PlyCount "78"]
[EventDate "2017.??.??"]

1. f4 d5 2. Nf3 Nf6 3. e3 e6 4. b3 c5 5. Bb2 Be7 6. Ne5 (6. Bb5+) 6... a6 7.
Bd3 Nc6 8. O-O O-O 9. Nc3 Nb4 10. Ne2 Qc7 11. Ng3 Nxd3 12. cxd3 g6 13. Ng4 Nxg4
14. Qxg4 f5 15. Qe2 Bf6 16. Bxf6 Rxf6 17. Rac1 Bd7 18. b4 b6 19. Qd1 Rc8 20.
Qb3 c4 21. Qc3 Rff8 22. Qd4 b5 23. Rc3 Qd6 24. a3 Qc7 25. Qe5 Qxe5 26. fxe5
cxd3 27. Rxd3 Rc4 28. Rc3 Rxc3 29. dxc3 Rc8 30. Ne2 Kf7 31. Kf2 Rc4 32. g3 Re4
33. Nd4 Rxe5 34. Ke2 Re4 35. Nf3 Kf6 36. h3 h5 37. Nd2 Re5 38. Nf3 Re4 39. Nd2
Re5 1/2-1/2

[Event "Mechanics' Fall TNM; G/2 d5"]
[Site "San Francisco"]
[Date "2017.11.28"]
[Round "6.34"]
[White "Morgan, Jerry D"]
[Black "Babayan, Gagik"]
[Result "0-1"]
[WhiteElo "1484"]
[BlackElo "1769"]
[Annotator "Donaldson"]
[PlyCount "62"]
[EventDate "2017.??.??"]

1. f4 e5 2. fxe5 d6 3. exd6 Bxd6 4. Nf3 g5 5. g3 g4 6. Nh4 Ne7 7. d4 Ng6 8.
Nxg6 hxg6 9. Qd3 Nc6 10. c3 Qe7 11. Bg2 Bd7 12. Nd2 f5 13. Nc4 O-O-O 14. Nxd6+
Qxd6 15. Bf4 Qe7 16. O-O-O Rde8 17. Rde1 g5 18. Bd2 Qf7 19. d5 Ne5 20. Qd4 Kb8
21. Bxg5 Qg6 22. Bf4 Nf7 23. Qc5 Nd6 24. e3 b6 25. Qb4 Rh7 26. h4 $6 ({
White has played wonderfully so far but now starts to go astray.} 26. c4) 26...
gxh3 27. Rxh3 $2 (27. Bxh3 $11) 27... Rxh3 28. Bxh3 Re4 $1 29. Qb3 {Diagram [#]
} (29. Qa3 Rxf4 30. gxf4 Qg3 31. Rh1 Qxe3+) 29... Rxf4 {The text looks like
it's winning, but there is a subtle difference between the move played and} (
29... Ba4 $1 30. Qa3 Rxf4 31. exf4 Qxg3) 30. exf4 Qxg3 31. Rh1 (31. Re7 $1 {
saves the half point as the bishop is hanging.}) 31... Qe3+ 0-1

[Event "Mechanics' Peter Grey TNM; G/2 d5"]
[Site "San Francisco"]
[Date "2017.10.03"]
[Round "9.28"]
[White "Morgan, Jerry D"]
[Black "Baer, Michael Alan"]
[Result "0-1"]
[WhiteElo "1501"]
[BlackElo "1354"]
[PlyCount "72"]
[EventDate "2017.??.??"]

1. f4 d5 2. Nf3 g6 3. d3 Bg7 4. c3 Nf6 5. Qc2 c5 6. e4 dxe4 7. dxe4 O-O 8. Bc4
a6 9. Be3 b5 10. Be2 Qc7 11. Ne5 Bb7 12. Nd2 e6 13. O-O-O c4 14. g4 Nc6 15. g5
Nxe5 16. gxf6 Nd3+ 17. Bxd3 cxd3 18. Qxd3 Rfd8 19. Qe2 Bxf6 20. h4 h5 21. f5
exf5 22. Rhg1 fxe4 23. Qxh5 Rd5 24. Qg4 Rh5 25. Bg5 Bxg5 26. hxg5 Re8 27. Nb3
e3 28. Nd4 Re4 29. Qe2 Rh2 30. Qd3 e2 31. Rde1 Qf4+ 32. Kc2 Re3 33. Qd2 Be4+
34. Kc1 Qf2 35. Nxe2 Rxe2 36. Qd8+ Kh7 0-1

[Event "Mechanics' Fall TNM; G/2 d5"]
[Site "San Francisco"]
[Date "2017.12.19"]
[Round "9.36"]
[White "Morgan, Jerry D"]
[Black "Capdeville, Barry"]
[Result "1-0"]
[WhiteElo "1484"]
[BlackElo "1238"]
[PlyCount "73"]
[EventDate "2017.??.??"]

1. f4 Nf6 2. Nf3 e6 3. b3 Be7 4. Bb2 d5 5. e3 O-O 6. Ne5 Nbd7 7. Bd3 Ne4 8. Qg4
Ndf6 9. Qf3 c5 10. Nc3 Nxc3 11. Bxc3 d4 12. exd4 cxd4 13. Bb2 Bc5 14. g4 Qd5
15. g5 Qxf3 16. Nxf3 Nd5 17. Nxd4 Nxf4 18. Be4 Nd5 19. h4 Bd7 20. Ke2 Rae8 21.
a3 Bc6 22. Nxc6 bxc6 23. b4 Bd6 24. Kf3 e5 25. c4 Ne7 26. c5 Bc7 27. a4 f5 28.
gxf6 Rxf6+ 29. Ke2 Nd5 30. b5 Nf4+ 31. Ke3 Nd5+ 32. Kd3 Nf4+ 33. Kc2 Rd8 34.
Bxc6 Ba5 35. Bc3 Bxc3 36. Kxc3 Rd3+ 37. Kc2 {
White went on to win. Remaining moves unavailable.} 1-0

[Event "Mechanics' Summer TNM; G/2 d5"]
[Site "San Francisco"]
[Date "2017.06.20"]
[Round "5.37"]
[White "Morgan, Jerry D"]
[Black "Cunningham, Charles"]
[Result "1/2-1/2"]
[WhiteElo "1577"]
[BlackElo "1397"]
[PlyCount "113"]
[EventDate "2017.??.??"]

1. f4 d5 2. Nf3 Nc6 3. e3 a6 4. b3 Bg4 5. Bb2 f6 6. Bd3 Qd7 7. h3 Bh5 8. f5 e5
9. fxe6 Qxe6 10. O-O Bd6 11. Qe1 Nge7 12. Nh4 d4 13. exd4 Qxe1 14. Rxe1 O-O-O
15. Nf5 Nxf5 16. Bxf5+ Kb8 17. Na3 Bf4 18. Nc4 Nxd4 19. Bxd4 Rxd4 20. d3 Rdd8
21. Re7 Bh6 22. Rae1 Rde8 23. Kf2 Bg6 24. Rxe8+ Bxe8 25. Re7 (25. Bxh7) 25...
g6 26. Bd7 Bxd7 27. Rxd7 Kc8 28. Rf7 f5 29. d4 Bg5 30. Ne5 Bf4 31. Kf3 g5 32.
Rxf5 Bd2 33. c4 h6 34. d5 Bb4 35. Kg4 Re8 36. Kh5 Bd6 37. Nf7 Re2 38. Nxd6+
cxd6 39. Kxh6 Rxg2 40. Rxg5 Rxa2 41. h4 b5 42. cxb5 axb5 43. Kg6 Rb2 44. h5
Rxb3 45. h6 Kc7 46. h7 Rh3 47. Kg7 b4 48. h8=Q Rxh8 49. Kxh8 b3 50. Rg1 Kb6 51.
Rb1 Kc5 52. Rxb3 Kxd5 53. Rd3+ Ke5 54. Kg7 d5 55. Kf7 Ke4 56. Rd1 d4 57. Re1+ {
...} 1/2-1/2

[Event "Mechanics' Peter Grey TNM; G/2 d5"]
[Site "San Francisco"]
[Date "2017.09.19"]
[Round "7.28"]
[White "Morgan, Jerry D"]
[Black "Eastham, Asher"]
[Result "0-1"]
[WhiteElo "1501"]
[BlackElo "1627"]
[PlyCount "112"]
[EventDate "2017.??.??"]

1. f4 d5 2. Nf3 c5 3. e3 Nc6 4. Bb5 a6 5. Bxc6+ bxc6 6. b3 Nf6 7. Bb2 Bf5 8.
O-O e6 9. Ne5 Qc7 10. d3 Bd6 11. Nd2 O-O 12. c4 Nd7 13. Ndf3 f6 14. Nxd7 Qxd7
15. Nh4 Rfe8 16. Nxf5 exf5 17. Rf3 Re6 18. Rh3 Rae8 19. Qd2 Qe7 20. Qf2 Rxe3
21. Rxe3 Qxe3 22. Rd1 Qe2 23. Rd2 Qxf2+ 24. Rxf2 Re1+ 25. Rf1 Rxf1+ 26. Kxf1
Bxf4 27. h3 Be3 28. Ke2 Bd4 29. Bxd4 cxd4 30. c5 Kf7 31. b4 Ke6 32. a4 Kd7 33.
a5 Ke6 34. Kf3 Ke5 35. Ke2 h6 36. Kf2 g5 37. Kg3 h5 38. Kf2 f4 39. Kf3 Kf5 40.
g4+ fxg3 41. Kxg3 Ke5 42. Kf2 f5 43. Kg3 f4+ 44. Kf3 Kf5 45. Kf2 g4 46. hxg4+
hxg4 47. Kg2 f3+ 48. Kg3 Ke5 49. Kf2 Kf4 50. b5 g3+ 51. Kf1 Ke3 52. bxc6 g2+
53. Kg1 Ke2 54. c7 f2+ 55. Kxg2 f1=Q+ 56. Kg3 Qf8 0-1

[Event "Mechanics' Spring TNM; G/2"]
[Site "San Francisco"]
[Date "2017.05.02"]
[Round "8.34"]
[White "Morgan, Jerry D"]
[Black "Frank, Robert H"]
[Result "1/2-1/2"]
[WhiteElo "1561"]
[BlackElo "1229"]
[PlyCount "77"]
[EventDate "2017.??.??"]

1. f4 d5 2. Nf3 c5 3. e3 Nc6 4. Bb5 Qb6 5. Bxc6+ Qxc6 6. Ne5 Qc7 7. b3 Nf6 8.
Bb2 g6 9. O-O Bg7 10. d3 O-O 11. Nd2 Nd7 12. Ndf3 Nxe5 13. Bxe5 Bxe5 14. Nxe5
f6 15. Ng4 h5 16. Nf2 Be6 17. Qf3 Qd7 18. e4 f5 19. e5 Kg7 20. Nh3 d4 21. Ng5
Bd5 22. Qf2 b6 23. Rae1 e6 24. Qg3 Rh8 25. Nf3 Qe7 26. Qg5 Qxg5 27. Nxg5 a5 28.
a3 Rad8 29. h4 Rhe8 30. Kf2 Bc6 31. Rb1 b5 32. g3 a4 33. b4 Rd5 34. Ke2 c4 35.
Rbc1 c3 36. Rf2 Rdd8 37. Re1 Bd5 38. Kd1 Rh8 39. Kc1 1/2-1/2

[Event "Mechanics' Peter Grey TNM; G/2 d5"]
[Site "San Francisco"]
[Date "2017.09.05"]
[Round "5.26"]
[White "Morgan, Jerry D"]
[Black "Kondakov, Adrian"]
[Result "0-1"]
[WhiteElo "1501"]
[BlackElo "1924"]
[Annotator "Donaldson"]
[PlyCount "108"]
[EventDate "2017.??.??"]

1. f4 Nf6 2. Nf3 g6 3. d3 d5 4. c3 Bg7 5. Qc2 Bg4 6. Ne5 Bf5 7. Nd2 Nbd7 8. e4
Be6 9. Ndf3 Nc5 10. Ng5 O-O 11. Nxe6 fxe6 12. Be3 Nfd7 13. Nxd7 Nxd7 14. e5 (
14. Be2 $16) 14... c5 15. d4 Rc8 16. g3 a5 17. Bh3 Qb6 18. Qb3 Qa6 19. Bf1 Qa7
20. Qb5 b6 21. Bh3 Kf7 22. O-O-O (22. c4 $5) 22... cxd4 23. Bxd4 Nc5 24. Kb1 a4
25. Bg2 Rc7 26. h4 h5 27. Bf3 Kg8 28. Bg2 Qa5 29. Bf1 (29. Qe2) 29... Qxb5 30.
Bxb5 Ne4 31. Bxa4 Nxg3 32. Rhg1 Ne2 33. Rxg6 Nxf4 34. Rg5 Kh8 35. Bxb6 Rc4 36.
Bc2 Bh6 37. Rgg1 Rb8 38. Bd4 Rcc8 39. Rdf1 Rg8 40. Bc5 Rxg1 41. Rxg1 Ne2 42.
Re1 (42. Rg6 $1 $18) 42... Nxc3+ 43. Ka1 Bd2 44. Rg1 Ne4 45. Bxe7 Bf4 46. Bf6+
Nxf6 47. exf6 Be5 48. Bb3 Bxf6 49. Rg6 Rf8 50. Rh6+ $4 (50. Kb1 $11) 50... Kg7
51. Rxh5 Kg6 52. Rg5+ Bxg5 53. hxg5 Rf1+ 54. Bd1 Rxd1# 0-1

[Event "Mechanics' Summer TNM; G/2 d5"]
[Site "San Francisco"]
[Date "2017.07.11"]
[Round "7.25"]
[White "Morgan, Jerry D"]
[Black "Mathrubootham, Ganesh"]
[Result "1/2-1/2"]
[WhiteElo "1577"]
[BlackElo "1393"]
[PlyCount "98"]
[EventDate "2017.??.??"]

1. f4 d5 2. Nf3 Nf6 3. e3 Nc6 4. Bb5 Bg4 5. b3 e6 6. Bb2 Bd6 7. d3 O-O 8. Bxc6
bxc6 9. Nbd2 Re8 10. h3 Bh5 11. g4 Bg6 12. Nh4 Qe7 13. Nxg6 hxg6 14. g5 Nh5 15.
Qg4 Rab8 16. O-O-O a5 17. a4 c5 18. Bc3 d4 19. exd4 cxd4 20. Bxd4 Bxf4 21. Rhf1
Qd6 22. Bc3 Ng3 23. Rxf4 Qxf4 24. Re1 Nh5 25. Re4 Qf5 26. Be5 Qxg4 27. hxg4 f6
28. Bxc7 Rbc8 29. Rc4 Rxc7 30. Rxc7 Nf4 31. gxf6 gxf6 32. Nf3 Nd5 33. Ra7 Rc8
34. Kd2 Nb4 35. c3 Nd5 36. c4 Nb4 37. Rxa5 Rd8 38. Ne1 e5 39. Kc3 Nc6 40. Ra6
Rc8 41. b4 Kf7 42. Nc2 f5 43. gxf5 gxf5 44. b5 Nb8 45. Ra8 f4 46. Kd2 Ke6 47.
Ke2 Kf5 48. Ne1 Kg4 49. Nf3 Kf5 {
White should have continued to play but was low on time.} 1/2-1/2

[Event "Mechanics' Summer TNM; G/2 d5"]
[Site "San Francisco"]
[Date "2017.06.06"]
[Round "3.38"]
[White "Morgan, Jerry D"]
[Black "Otterbach, Renate"]
[Result "0-1"]
[WhiteElo "1577"]
[BlackElo "1142"]
[PlyCount "38"]
[EventDate "2017.??.??"]

1. f4 d5 2. Nf3 Nf6 3. e3 Bg4 4. h3 Bxf3 5. Qxf3 e6 6. b3 Ne4 7. h4 Be7 8. g3
Nd7 9. Bb2 Ndf6 10. d3 Nd6 11. Nd2 c6 12. O-O-O Qb6 13. g4 O-O-O 14. g5 Nfe8
15. Bxg7 $2 Nxg7 16. Bh3 Kb8 17. e4 Nb5 18. Nb1 Qd4 19. a4 Nc3 0-1

[Event "Mechanics' Peter Grey TNM; G/2 d5"]
[Site "San Francisco"]
[Date "2017.08.08"]
[Round "1.11"]
[White "Morgan, Jerry D"]
[Black "Snyder, Larry"]
[Result "1-0"]
[WhiteElo "1501"]
[BlackElo "2074"]
[PlyCount "49"]
[EventDate "2017.??.??"]

1. f4 Nf6 2. Nf3 g6 3. d3 d5 4. c3 Bg7 5. Qc2 Bf5 6. Nbd2 O-O 7. e4 dxe4 8.
dxe4 Bg4 9. Bc4 Bxf3 10. Nxf3 e6 11. O-O c5 12. f5 exf5 13. exf5 gxf5 14. Qxf5
Qc8 15. Nh4 Qxf5 16. Nxf5 Nc6 17. Nh6+ Kh8 18. Nxf7+ Kg8 19. Nh6+ Kh8 20. Nf5
Ne5 21. Bb3 Rad8 22. Bg5 b6 23. Rae1 Ng6 24. Nxg7 Kxg7 25. Re6 1-0

[Event "Mechanics' Summer TNM; G/2 d5"]
[Site "San Francisco"]
[Date "2017.05.30"]
[Round "2.35"]
[White "Morgan, Jerry D"]
[Black "Than, Maung Nyunt"]
[Result "1/2-1/2"]
[WhiteElo "1577"]
[BlackElo "1175"]
[PlyCount "69"]
[EventDate "2017.??.??"]

1. f4 d5 2. Nf3 Nc6 3. e3 Nf6 4. Bb5 Bd7 5. b3 e6 6. Bb2 Be7 7. O-O O-O 8. Bxc6
Bxc6 9. Ne5 Be8 10. d3 Nd7 11. Nd2 f6 12. Ng4 Bc5 13. Qe1 Bh5 14. h3 Qe7 15. a3
a6 16. b4 Ba7 17. Rf3 f5 18. Nh6+ gxh6 19. Rg3+ Bg6 20. Nf3 c5 21. h4 Kf7 22.
h5 Rg8 23. hxg6+ hxg6 24. Ne5+ Nxe5 25. Bxe5 Rac8 26. c3 Bb8 27. Bxb8 Rxb8 28.
Rh3 h5 29. Qg3 Rbc8 30. Qe1 c4 31. d4 b5 32. a4 Qd7 33. Qh4 Qe7 34. Qg3 Qf6 35.
a5 1/2-1/2

[Event "Mechanics' Spring TNM; G/2"]
[Site "San Francisco"]
[Date "2017.04.18"]
[Round "6.33"]
[White "Morgan, Jerry D"]
[Black "Tuck, Drew"]
[Result "1/2-1/2"]
[WhiteElo "1561"]
[BlackElo "1479"]
[PlyCount "57"]
[EventDate "2017.??.??"]

1. f4 d5 2. Nf3 Bg4 3. e3 Nd7 4. h3 Bxf3 5. Qxf3 Ngf6 6. g4 e6 7. d3 h6 8. h4
Bd6 9. g5 hxg5 10. hxg5 Nh7 11. Qh5 g6 12. Qh6 Qe7 13. Qg7 O-O-O 14. Rxh7 Rxh7
15. Qxh7 e5 16. Nc3 exf4 17. Nxd5 Qxg5 18. Qh1 Qg3+ 19. Ke2 fxe3 20. Qg2 Qe5
21. Nc3 Rh8 22. Qf3 Rh2+ 23. Ke1 Rf2 24. Qh3 Bc5 25. Ne4 Rh2 26. Qf3 Bb6 27.
Qxf7 Nc5 28. Qf8+ Kd7 29. Qf7+ 1/2-1/2

[Event "Mechanics' Fall TNM; G/2 d5"]
[Site "San Francisco"]
[Date "2017.11.14"]
[Round "4.19"]
[White "Morgan, Jerry D"]
[Black "Vickers, Keith"]
[Result "0-1"]
[WhiteElo "1484"]
[BlackElo "2200"]
[Annotator "Donaldson"]
[PlyCount "82"]
[EventDate "2017.??.??"]

1. f4 Nc6 2. Nf3 d5 3. e3 Nf6 4. Bb5 Bg4 5. b3 a6 6. Bxc6+ bxc6 7. Bb2 c5 8. d3
e6 9. O-O Bd6 10. Nbd2 O-O 11. Qe1 Bh5 12. Ne5 Nd7 13. Ndf3 f6 14. Nc6 Qe8 15.
Nh4 Nb8 16. Na5 Ra7 17. c4 (17. e4) 17... c6 18. Kh1 Qd8 19. Bc3 Bf7 20. g4 Rd7
21. Rg1 (21. e4) 21... d4 22. Bd2 dxe3 23. Qxe3 Bc7 24. Nb7 Bxf4 25. Qxc5 (25.
Qxf4 Rxb7 26. g5) 25... Qc7 26. Bb4 (26. Bxf4 Qxf4 27. Na5 Rxd3) 26... Rc8 27.
Qf2 Qxb7 28. Bc5 Bd6 29. Rad1 Rcd8 30. g5 Bxc5 31. Qxc5 f5 32. g6 hxg6 33. Nxg6
Bxg6 34. Rxg6 Rxd3 35. Rdg1 Rd1 36. Rxe6 Rxg1+ 37. Kxg1 Qd7 38. Qe3 Qd1+ 39.
Kg2 Rd2+ 40. Kg3 Rd3 41. Kh4 Qg4# 0-1

[Event "Mechanics' Winter TNM; G/2"]
[Site "San Francisco"]
[Date "2017.01.17"]
[Round "3.12"]
[White "Munkhchuluun, Tsegmed"]
[Black "Moor, William"]
[Result "1-0"]
[WhiteElo "2035"]
[BlackElo "1407"]
[Annotator "Donaldson"]
[PlyCount "75"]
[EventDate "2017.??.??"]

1. d4 d5 2. c4 c6 3. Nc3 Nf6 4. Nf3 Bf5 $2 5. cxd5 cxd5 6. e3 (6. Qb3 $1 Qb6 (
6... b6 7. Bg5 e6 8. e4 dxe4 9. Bb5+ Nbd7 10. Ne5) 7. Nxd5 Qxb3 (7... Nxd5 8.
Qxd5) 8. Nxf6+ exf6 9. axb3) 6... a6 7. Ne5 e6 8. Bd3 Bxd3 9. Qxd3 Bb4 10. O-O
O-O 11. Bd2 Nbd7 12. a3 Bd6 13. f4 Rc8 14. Be1 Qb6 15. b4 Qa7 16. Bh4 Rc7 17.
Ra2 Rfc8 18. Be1 Nb6 19. g4 Bf8 20. g5 Ne8 21. f5 exf5 22. Rxf5 Nd6 23. Rf4
Nbc4 24. Nxd5 Nxe5 25. dxe5 Rc1 26. Re2 Nc4 27. Qf5 Nxe5 28. Qxe5 b5 29. Kg2
Qb7 30. e4 R1c6 31. Ref2 Bd6 32. Qf5 Bxf4 33. Qxf4 Re6 34. Bc3 Rc4 35. Be5 Rg6
36. Bd6 Qxd5 37. exd5 Rxf4 38. Bxf4 1-0

[Event "Mechanics' Winter TNM; G/2"]
[Site "San Francisco"]
[Date "2017.01.31"]
[Round "5.6"]
[White "Munkhchuluun, Tsegmed"]
[Black "O'Connor, Derek"]
[Result "1-0"]
[WhiteElo "2035"]
[BlackElo "2167"]
[PlyCount "53"]
[EventDate "2017.??.??"]

1. d4 Nf6 2. c4 c5 3. Nf3 cxd4 4. Nxd4 e5 5. Nf3 Nc6 6. Nc3 Bb4 7. Bd2 O-O 8.
a3 Be7 9. Nd5 e4 10. Ng1 d6 11. Bc3 Bf5 12. e3 Rc8 13. Ne2 Ne5 14. Ng3 Bg6 15.
Qd4 Nxd5 16. Qxd5 Rc5 17. Qxb7 Rc7 18. Qb3 Qc8 19. Bxe5 dxe5 20. Be2 f5 21. Nf1
f4 22. Nd2 Bc5 23. Qc3 Rd8 24. b4 Bd4 25. exd4 exd4 26. Qb2 Kh8 27. c5 {
White went on to win this game. Remaining moves unavailable.} 1-0

[Event "Mechanics' Winter TNM; G/2"]
[Site "San Francisco"]
[Date "2017.02.07"]
[Round "6.2"]
[White "Munkhchuluun, Tsegmed"]
[Black "Winslow, Elliott C"]
[Result "1/2-1/2"]
[WhiteElo "2035"]
[BlackElo "2312"]
[PlyCount "79"]
[EventDate "2017.??.??"]

1. d4 Nf6 2. Nf3 g6 3. c4 Bg7 4. Nc3 O-O 5. e4 d6 6. Be2 e5 7. O-O Na6 8. Rb1
Bg4 9. dxe5 Bxf3 10. Bxf3 dxe5 11. Bg5 c6 12. b4 Qe7 13. Qb3 Rfd8 14. Rfd1 Bf8
15. a3 Nc7 16. Rxd8 Rxd8 17. Rd1 Ne6 18. Rxd8 Qxd8 19. Bxf6 Qxf6 20. Ne2 Qd8
21. Qc2 a5 22. c5 axb4 23. axb4 b6 24. Bg4 bxc5 25. Bxe6 fxe6 26. bxc5 Bxc5 27.
Nc1 Qb6 28. g3 Kf7 29. Kg2 Qb5 30. Qd2 Bd4 31. Qh6 Kg8 32. Qg5 Qc5 33. Qf6 Qd6
34. Nd3 c5 35. Ne1 Qc6 36. Nf3 Qxe4 37. Qd8+ Kf7 38. Qd7+ Kg8 39. Qe8+ Kg7 40.
Qe7+ 1/2-1/2

[Event "Mechanics' Spring TNM; G/2"]
[Site "San Francisco"]
[Date "2017.04.25"]
[Round "7.11"]
[White "Murray, Adam"]
[Black "Sarafian, Greg"]
[Result "1-0"]
[WhiteElo "2044"]
[BlackElo "1862"]
[PlyCount "58"]
[EventDate "2017.??.??"]

1. e4 e5 2. Nf3 Nc6 3. Bc4 Bc5 4. c3 Nf6 5. d3 d6 6. h3 h6 7. Nbd2 Qe7 8. Nf1
a6 9. Bb3 Be6 10. Ng3 g6 11. Qe2 d5 12. Bc2 dxe4 13. Nxe4 Nxe4 14. dxe4 g5 15.
h4 g4 16. Nd2 g3 17. fxg3 Rg8 18. Nf3 Rxg3 19. Bxh6 O-O-O 20. h5 Qf6 21. Bd2
Rdg8 22. Nh4 Bg4 23. Qf1 Qd8 24. Nf5 Bxf5 25. Qxf5+ Kb8 26. O-O-O Rxg2 27. Bh6
Nd4 28. cxd4 Bxd4 29. Kb1 Rf2 1-0

[Event "Mechanics' Spring TNM; G/2"]
[Site "San Francisco"]
[Date "2017.04.04"]
[Round "4.20"]
[White "Murray, Adam"]
[Black "Starr, Albert Mart"]
[Result "1-0"]
[WhiteElo "2044"]
[BlackElo "1571"]
[PlyCount "41"]
[EventDate "2017.??.??"]

1. e4 e5 2. Nf3 Nf6 3. Nxe5 d6 4. Nf3 Nxe4 5. Nc3 Nxc3 6. dxc3 Be7 7. Be3 O-O
8. Qd2 Nc6 9. O-O-O Bg4 10. Kb1 b6 11. Bd3 f5 12. Rdg1 Ne5 13. Nxe5 dxe5 14. h3
Bh5 15. g4 Bg6 16. gxf5 Bxf5 17. Bh6 e4 18. Bc4+ Rf7 19. Rxg7+ Kh8 20. Rxf7
Qxd2 21. Bg7+ 1-0